Normal view
MARC view
- القانون الخاص -- الفقة الاسلامي -- المسئولية -- الاضرار (قانون )
Entry Topical Term
001 - CONTROL NUMBER
- control field: 50664
003 - CONTROL NUMBER IDENTIFIER
- control field: JO-AjAnu
005 - DATE AND TIME OF LATEST TRANSACTION
- control field: 20230606082335.0
008 - FIXED-LENGTH DATA ELEMENTS
- fixed length control field: 230606|| aca||aabn | a|a d
040 ## - CATALOGING SOURCE
- Original cataloging agency: JO-AjAnu
- Transcribing agency: JO-AjAnu
150 ## - HEADING--TOPICAL TERM
- Topical term or geographic name entry element: القانون الخاص -- الفقة الاسلامي -- المسئولية -- الاضرار (قانون )
670 ## - SOURCE DATA FOUND
- Source citation: Work cat.: (JO-AjAnu)25899: الجندي ، محمد صبري , author 50663, في المسئولية التقصيرية المسئولية عن الفعل الضار: دراسة في الفقة الغربي والفقة الاسلامي والقانون المدني الاردني : المجلد الاول ، في شروط المسئولية عن الفعل الشخصي